000 01781cam a22004694i 4500
003 PE-LiUPU
005 20250731165531.0
008 150623s r 000 0 d
035 _a(Sirsi) a29864
035 _a(Sirsi) a29864
040 _aPE-LiUPU
_bspa
_cPE-LiUPU
_erda
100 1 _aSplateholz, Werner,
_eautor.
245 1 0 _aAtlas de anatomía humana.
_n2.
264 1 _a
300 _a
336 _atext
_2rdacontent
337 _aunmediated
_2rdamedia
338 _avolume
_2rdacarrier
526 _aSEG44
526 _aSEG26
526 _aP151
526 _aP150
526 _aP149
526 _aP146
526 _aP145
526 _aP126
526 _aP125
526 _aP92
526 _aP75
526 _aP74
526 _aP27
526 _aP15
942 _2ddc
_cBOOK
949 _aRC 611 S73 2
_wDEWEY
_c1
_i23831
_lRC
_mBUL
_r0
_sY
_tBOOK
_u2015-6-24
_xBIBLIOTECA
_zUNKNOWN
_0COMPRA
_o.CIRCNOTE. No olvidar cambiar la fecha de devolución!!!!!!!
_o.STAFF. Colección General
949 _aRC 611 S73 2
_wDEWEY
_c2
_i11376
_lRC
_mBUL
_r0
_sY
_tBOOK
_u2015-6-24
_xBIBLIOTECA
_zUNKNOWN
_0COMPRA
_o.CIRCNOTE. No olvidar cambiar la fecha de devolución!!!!!!!
_o.STAFF. Colección General
994 _aC0
_bPEPRU
596 _a1
999 _aRC 611 S73 2
_wDEWEY
_c37260
_i23831
_f2019-12-11
_g4
_lDISCARD
_mBUL
_r1
_sY
_tBOOK
_u2015-6-24
_xSALUD
_zUNKNOWN
_0COMPRA
_o.CIRCNOTE. No olvidar cambiar la fecha de devolución!!!!!!!
_o.STAFF. Colección General
_d37260
999 _aRC 611 S73 2
_wDEWEY
_c2
_i11376
_d2018-3-22
_f2019-2-21
_g3
_lDISCARD
_mBUL
_q2
_r1
_sY
_tBOOK
_u2015-6-24
_xSALUD
_zUNKNOWN
_0COMPRA
_o.CIRCNOTE. No olvidar cambiar la fecha de devolución!!!!!!!
_o.STAFF. Colección General
980 _81
_gALBERTO SANCHEZ Responsable de Automatización